000 00420nam a2200145Ia 4500
008 100204s9999 xx 000 0 und d
082 _b18396
100 _aप्रभावळकर दिलीप
245 _aहसगत
260 _b"विश्वमोहिनी प्रकाशन , पुणे"
_c1993
300 _a221
630 _aहसगत
730 _aहसगत
942 _cBOOK
999 _c462819
_d462816